| Tag |
First Indicator |
Second Indicator |
Subfields |
| LEADER |
00000cam a22000001 4500 |
| 001 |
in00001641007 |
| 005 |
20151023083120.0 |
| 008 |
761229s1973 ve h b 001 0aspa |
| 010 |
|
|
|a 74227030
|
| 035 |
|
|
|a (OCoLC)ocm02168704
|
| 040 |
|
|
|a DLC
|c CGU
|d TXA
|d UtOrBLW
|
| 043 |
|
|
|a s-ve---
|
| 049 |
|
|
|a TXAM
|
| 050 |
0 |
0 |
|a F2326
|b .A7218
|
| 082 |
0 |
|
|a 327/.2/0924
|
| 090 |
|
|
|a F2326
|b .A7218 1973
|
| 100 |
1 |
|
|a Altuve Carrillo, Leonardo,
|d 1910-
|
| 245 |
1 |
0 |
|a Yo fui embajador de Pérez Jiménez.
|
| 264 |
|
1 |
|a Caracas :
|b [distribuidor exclusivo: Libroven],
|c 1973.
|
| 300 |
|
|
|a ix, 494 pages :
|b facsimiles ;
|c 24 cm.
|
| 336 |
|
|
|a text
|b txt
|2 rdacontent
|
| 337 |
|
|
|a unmediated
|b n
|2 rdamedia
|
| 338 |
|
|
|a volume
|b nc
|2 rdacarrier
|
| 504 |
|
|
|a Includes bibliographical references.
|
| 600 |
1 |
0 |
|a Altuve Carrillo, Leonardo,
|d 1910-
|
| 600 |
1 |
0 |
|a Pérez Jiménez, Marcos,
|d 1914-2001.
|
| 651 |
|
0 |
|a Venezuela
|x Foreign relations.
|
| 651 |
|
0 |
|a Venezuela
|x Politics and government
|y 1935-1958.
|
| 994 |
|
|
|a E0
|b TXA
|
| 948 |
|
|
|a cataloged
|b h
|c 2001/10/11
|d c
|e bwalker
|f 1:40:08 pm
|
| 999 |
|
|
|a MARS
|
| 999 |
f |
f |
|s b4cf2b55-b4e9-3b92-94a4-b548a7650411
|i bd7ae49b-bb36-3d55-a13d-58946821ac6e
|t 0
|
| 952 |
f |
f |
|p ric
|a Texas A&M University
|b Rellis Campus
|c Joint Library Facility
|d Remote Storage
|t 0
|e F2326 .A7218 1973
|h Library of Congress classification
|i unmediated -- volume
|m A14828066742
|
| 998 |
f |
f |
|a F2326 .A7218 1973
|t 0
|l Remote Storage
|